Responses for Show #4282 - Tuesday, March 25, 2003

Contestants

[<< previous game]

Freya Wolke, a marketing research manager from Newton, Massachusetts

Luis Cordon, a psychology professor from Coventry, Connecticut

Shawn Wilson, a technical writer from Chatsworth, California (whose 1-day cash winnings total $9,599)

[next game >>]

Jeopardy! Round responses

I LOVE NEW YORK
PEOPLE
GET REAL
2-LETTER WORDS
THE ANCIENTS SPEAK
YOU GIVE ME THE WILLIES
    $200 1
New Year's Eve

Shawn
    $200 4
Laura Bush

Freya
    $200 7
Simon-pure

Freya
    $200 11
ax

Luis
    $200 26
deceiving

Luis
    $200 17
Willie Mays

Freya
    $400 2
Bronx

Luis
    $400 5
Janet Reno

Freya
    $400 22
bona fide

Luis
    $400 12
do

Shawn
    $1,500 27
Euclid

Luis
    $400 18
Willie Nelson

Luis
    $600 3
Metropolitan Museum of Art

Freya
    $600 6
Richard Hellmann

Shawn
    $600 23
real McCoy

Shawn
    $600 13
no

Freya
    $600 28
the Hippocratic Oath

Luis
    $600 19
Willie Brown

Freya
    $800 9
Village

Luis
    $800 8
Florence Nightingale

Shawn
    $800 24
dinkum

Shawn
    $800 15
up

Freya
    $800 29
the dead

Luis
    $800 20
Weary Willie

Triple Stumper
    $1000 10
Harlem

Triple Stumper
    $1000 14
Kramer

Triple Stumper
    $1000 25
(Alex: A minute to go now.)

apostolic

Triple Stumper
    $1000 16
(Freya: What is he?)

Ye

LuisFreya
    $1000 30
(Freya: Who is Sen-sei?)

Lao-tzu

Freya
Triple Stumper
    $1000 21
Willie Mosconi

Luis

Scores at the first commercial break (after clue 16):

Shawn Luis Freya
$2,000 $2,400 $1,800

Scores at the end of the Jeopardy! Round:

Shawn Luis Freya
$3,400 $7,300 $1,600

Double Jeopardy! Round responses

GETTING SCIENTIFIC
THE OLD WEST
ARCHITECTS NEED TO KNOW
MOVIE SONGS
(Alex: You have to identify the motion picture.)
THE FRENCH THEATRE
"D" TALKS
    $400 11
oxygen

Shawn
    $400 16
George Custer

Shawn
    $400 21
concrete

Shawn
    $400 1
Rocky

Shawn
    $400 26
Jean-Paul Sartre

Luis
    $400 6
Dramamine

Freya
    $1,000 12
battery

Shawn
    $800 17
Buffalo Bill Cody

Luis
    $800 22
foundation

Freya
    $800 2
Grease

Luis
    $800 27
Richelieu

Shawn
    $800 7
John Dillinger

Shawn
    $1200 13
crustaceans

Triple Stumper
    $1200 18
Jesse Chisholm

Luis
    $1200 23
sheetrock

Luis
    $1200 3
Breakfast at Tiffany's

Luis
    $1200 28
Grand Guignol

Shawn
    $1200 8
"Duck and Cover"

Freya
    $1600 14
X-15

Shawn
    $1600 19
Allan Pinkerton

Shawn
    $1600 24
(Alex: A minute to go now.)

handrail (when you're going up & down stairs)

Triple Stumper
    $3,000 4
Moulin Rouge!

Luis
    $1600 29
Moliere

Luis
    $1600 9
(Shawn: Who is Diogenes?)

Demosthenes

Shawn
Triple Stumper
    $2000 15
condensation

Shawn
    $2000 20
Johnson County

Triple Stumper
    $2000 25
(Freya: What is a boat?)

toilet

ShawnFreya
    $2000 5
(Luis: What is A Star Is Born?)

The Jazz Singer

Luis
Triple Stumper
    $2000 30
(Freya: Who is Camus?)

Jean Racine

Freya
Triple Stumper
    $2000 10
(Freya: What is Dodge?)
(Shawn: What is Daimler?)

Duryea

ShawnFreya
Triple Stumper

Scores at the end of the Double Jeopardy! Round:

Shawn Luis Freya
$12,400 $15,500 -$2,000

[wagering suggestions for these scores]

Final Jeopardy! Round responses

20th CENTURY PRESIDENTS
ShawnWho is Ronald Wilson Reagan?
$12,300
LuisWho is Reagan?
$9,301
Ronald Wilson Reagan

Final scores:

Shawn Luis Freya
$24,700 $24,801 -$2,000
2nd place: $2,000 New champion: $24,801 3rd place: $1,000

Game dynamics:

Coryat scores:

Shawn Luis Freya
$12,200 $13,000 -$2,000
18 R
(including 1 DD),
2 W
19 R
(including 2 DDs),
1 W
11 R,
5 W

Combined Coryat: $23,200

[game clues] [game scores] [suggest correction]

Game tape date: 2002-12-04
The J! Archive is created by fans, for fans. Scraping, republication, monetization, and malicious use prohibited; this site may use cookies and collect identifying information. See terms. The Jeopardy! game show and all elements thereof, including but not limited to copyright and trademark thereto, are the property of Jeopardy Productions, Inc. and are protected under law. This website is not affiliated with, sponsored by, or operated by Jeopardy Productions, Inc. Join the discussion at JBoard.tv.